काशी का संक्षिप्त इतिहास (Record no. 63689)
[ view plain ]
| 000 -LEADER | |
|---|---|
| fixed length control field | 00378nam a22000977a 4500 |
| 100 ## - MAIN ENTRY--AUTHOR NAME | |
| Personal name | मानव,शम्भूनाथ |
| 245 ## - TITLE STATEMENT | |
| Title | काशी का संक्षिप्त इतिहास |
| 260 ## - PUBLICATION, DISTRIBUTION, ETC. (IMPRINT) | |
| Place of publication | वाराणसी |
| Name of publisher | द भारतीय विद्या प्रकाशन |
| Year of publication | 2018 |
| 650 ## - SUBJECT ADDED ENTRY--TOPICAL TERM | |
| Topical Term | इतिहास |
| 942 ## - ADDED ENTRY ELEMENTS (KOHA) | |
| Koha item type | Hindi Books |
| Withdrawn status | Lost status | Damaged status | Not for loan | Home library | Current library | Date acquired | Cost, normal purchase price | Full call number | Accession Number | Price effective from | Koha item type |
|---|---|---|---|---|---|---|---|---|---|---|---|
| MACL | MACL | 17/10/2020 | 950.00 | 900 | CRH038284 | 17/10/2020 | Hindi Books |









